<?xml version="1.0" encoding="UTF-8"?>
<record
    xmlns:xsi="http://www.w3.org/2001/XMLSchema-instance"
    xsi:schemaLocation="http://www.loc.gov/MARC21/slim http://www.loc.gov/standards/marcxml/schema/MARC21slim.xsd"
    xmlns="http://www.loc.gov/MARC21/slim">

  <leader>01505    a2200217   4500</leader>
  <controlfield tag="001">26223</controlfield>
  <controlfield tag="005">20260407155543.0</controlfield>
  <controlfield tag="008">260407a2011    arg                 spa d</controlfield>
  <controlfield tag="003">AR-UNSa-BCEJYS</controlfield>
  <datafield tag="040" ind1=" " ind2=" ">
    <subfield code="a">AR-UNSa-BCEJYS</subfield>
    <subfield code="b">spa</subfield>
    <subfield code="c">AR-UNSa-BCEJYS</subfield>
  </datafield>
  <datafield tag="080" ind1=" " ind2=" ">
    <subfield code="a">338.47</subfield>
    <subfield code="x">Econom&#xED;a del tr&#xE1;fico y las comunicaciones. Aspectos econ&#xF3;micos de los medios de comunicaci&#xF3;n. Pol&#xED;tica de transporte</subfield>
  </datafield>
  <datafield tag="245" ind1="1" ind2="0">
    <subfield code="a">Regulaci&#xF3;n del autotransporte p&#xFA;blico</subfield>
    <subfield code="p">cuestiones te&#xF3;ricas y experiencias</subfield>
  </datafield>
  <datafield tag="020" ind1=" " ind2=" ">
    <subfield code="a">978-950-29-1353-7</subfield>
  </datafield>
  <datafield tag="264" ind1=" " ind2="1">
    <subfield code="a">Buenos Aires :</subfield>
    <subfield code="b">Universidad de Buenos Aires. Facultad de Ciencias Econ&#xF3;micas</subfield>
    <subfield code="c">2011</subfield>
  </datafield>
  <datafield tag="300" ind1=" " ind2=" ">
    <subfield code="a">226 p.</subfield>
    <subfield code="c">20 cm.</subfield>
  </datafield>
  <datafield tag="505" ind1=" " ind2=" ">
    <subfield code="a">1. Autotransporte colectivo urbano: porqu&#xE9; regular, porqu&#xE9; subsidiar - 2. Optimalidad en la oferta de autotransporte p&#xFA;blico en un &#xE1;rea urbana: un modelo estilizado - 3. Del auto-ajuste al sistema subsidiado: notas para 50 a&#xF1;os de historia del autotransporte de Buenos Aires - 4. El marco regulatorio del autotransporte p&#xFA;blico de pasajeros en la Argentina: pr&#xE1;cticas y desarrollo del rol regulador del estado - 5. Los subsidios al autotransporte p&#xFA;blico de pasajeros: un aporte para un debate fundado - 6. Parecido pero diferente: la reforma regulatoria (trunca) del autotransporte interurbano.</subfield>
  </datafield>
  <datafield tag="942" ind1=" " ind2=" ">
    <subfield code="c">BK</subfield>
  </datafield>
  <datafield tag="590" ind1=" " ind2=" ">
    <subfield code="a">niveau_biblio:m niveau_hierar:0</subfield>
  </datafield>
  <datafield tag="100" ind1="1" ind2=" ">
    <subfield code="a">M&#xFC;ller, Alberto E.G.</subfield>
  </datafield>
  <datafield tag="856" ind1="4" ind2="1">
    <subfield code="u">https://biblioeco.unsa.edu.ar/pmb/images/libros/Regulaci?n del autotransporte p?blic-l119562.jpg</subfield>
    <subfield code="y">Imagen de portada</subfield>
    <subfield code="q">image/jpeg</subfield>
  </datafield>
  <datafield tag="999" ind1=" " ind2=" ">
    <subfield code="c">1447</subfield>
    <subfield code="d">1447</subfield>
  </datafield>
  <datafield tag="952" ind1=" " ind2=" ">
    <subfield code="0">0</subfield>
    <subfield code="1">0</subfield>
    <subfield code="4">0</subfield>
    <subfield code="7">0</subfield>
    <subfield code="a">BCEJYS</subfield>
    <subfield code="b">BCEJYS</subfield>
    <subfield code="c">16</subfield>
    <subfield code="d">2026-04-07</subfield>
    <subfield code="l">0</subfield>
    <subfield code="o">338.47 M958</subfield>
    <subfield code="p">L119562</subfield>
    <subfield code="r">2026-04-07 15:55:43</subfield>
    <subfield code="w">2026-04-07</subfield>
    <subfield code="y">L</subfield>
  </datafield>
</record>
